000 00475nam a2200181Ia 4500
001 1572
008 210122s1830 ii a g b000 u asm u
082 _a891.41182
100 _aSarma, Durgeswar .
245 0 _aAnjali /
_cDurgeswar Sarma.
_hTextual Documents
250 _a1st ed. /
260 _aAssam :
_bS.N. Bhattacharya ,
_c1830.
300 _a93p. :
_bill ;
_c18cm .
500 _a159/Ref/Ass
653 _aAssamese Poetry
653 _aRef-Assamese
942 _2ddc
_cBK
999 _c1568
_d1568